Actors That Have Worked with Gus Van Sant - Statistics

General Stats
  • This quiz has been taken 17 times
    6 since last reset
  • The average score is 12 of 63
Answer Stats
Movie Actor % Correct
Good Will Hunting Robin Williams
100%
Good Will Hunting Ben Affleck
67%
To Die For, Good Will Hunting, Gerry Casey Affleck
67%
To Die For, Don't Worry He Won't Get Far on Foor Joaquin Phoenix
67%
Even Cowgirls Get the Blues, My Own Private Idaho Keanu Reeves
67%
Finding Forrester, Good Will Hunting, Gerry, Promised Land Matt Damon
67%
Good Will Hunting Minnie Driver
67%
My Own Private Idaho River Phoenix
67%
Psycho Vince Vaughn
67%
Dead Man's Wire Al Pacino
33%
Psycho Anne Heche
33%
Dead Man's Wire Bill Skarsgard
33%
The Last Song Elton John
33%
Promised Lnad Frances McDormand
33%
Don't Worry, He Won't Get Far on Foot Jack Black
33%
Milk James Franco
33%
Don't Worry, He Won't Get Far on Foot Jonah Hill
33%
Milk Josh Brolin
33%
Psycho Julianne Moore
33%
Promised Land Lucas Black
33%
Last Days Lukas Haas
33%
Drugstore Cowboy, To Die For Matt Dillon
33%
To Die For Nicole Kidman
33%
Don't Worry He Won't Get Far on Foot Rooney Mara
33%
Milk Sean Penn
33%
Good Will Hunting Stellan Skarsgard
33%
Feud Alfred Molina
0%
Finding Forrester Anna Paquin
0%
Finding Forester Busta Rhymes
0%
Dead Man's Wire Cary Elwes
0%
Even Cowgirls Get the Blues Crispin Glover
0%
Ain't It Funny6 Danny Brown
0%
To Die For David Cronenberg
0%
Feud Diane Lane
0%
Milk Diego Luna
0%
Even Gowgirls Get the Blues Edward James Olmos
0%
Milk Emile Hirsch
0%
My Own Private Idaho, Psycho Flea
0%
Finding Forrester F. Murray Abraham
0%
Drugstore Cowboy, Even Cowgirls Get the Blues Heather Graham
0%
My Own Private Idaho James Russo
0%
My Own Private Idaho Jim Caviezel
0%
Even Cowgirls Get the Blues John Hurt
0%
Promised Land John Krasinski
0%
The Sea of Trees Ken Watanbe
0%
Even Cowgirls Get the Blues Lorraine Bracco
0%
The Sea of Trees Matthew McConaughey
0%
Finding Forrester, Last Days Michael Pitt
0%
The Sea of Trees Naomi Watts
0%
Even Cowgirls Get the Blues Pat Morita
0%
Psycho Rita Wilson
0%
Psycho Robert Forster
0%
Finding Forrester Sean Connery
0%
Feud Stanley Tucci
0%
Feud Susan Sarandon
0%
Paranoid Park Taylor Momsen
0%
Feud Tom Hollander
0%
Don't Worry He Won't Get Far on Foot, My Own Private Idaho Udo Kier
0%
Even Cowboys Get the Blues Uma Thurman
0%
Psycho Viggo Mortensen
0%
To Die For Wayne Knight
0%
The Prince of Fashion Will Ferrell
0%
Psycho William H. Macy
0%
No matching quizzes found
Score Distribution
Percent of People with Each Score
Percentile by Number Answered
Your Score History
You have not taken this quiz since the last reset